000 01704nam0a2200385 4500
001 RU\NLR\bibl\68844
005 20250616094424.0
010 _a5-222-00902-5
_910000
021 _aRU
_b1999-45236
_92230
035 _a(NLR Aleph) 000067154
090 _a368618
_c368618
100 _a20000207d1999 |||y0rusy50 ca
101 0 _arus
102 _aRU
105 _aa |||||||||
200 1 _aКультурология
_eУчеб. пособие для студентов вузов
_f[Драч Г.В., Борцов Ю.С., Давидович В.Е. и др.]
_gПод науч. ред. д.филос.н., проф. Г.В. Драча
205 _a2-е изд., доп., перераб.
210 _aРостов н/Д
_cФеникс
_d1999
215 _a604,[1] с.
_cил.
_d21
320 _aБиблиогр. в подстроч. прим.
606 0 _aКультурология
_jРуководства, пособия и т.п. для высшей школы
_91437504
_3RU\NLR\auth\66607983
606 0 _aКультурология
_jУчебные издания для высшей школы
_91437504
_3RU\NLR\auth\66607983
686 _aС550.2я73
686 _aТ3(0)0-7я73
686 _aЧ111я73
701 1 _4070
_7ca
_8rus
_aДрач
_bГ. В.
_cд-р филос. наук
_f1942-
_gГеннадий Владимирович
_9258279
_3RU\NLR\AUTH\770258335
701 1 _aБорцов
_bЮ. С.
_4070
701 1 _aДавидович
_bВ. Е.
_4070
801 0 _aRU
_bNLR
_c20000207
_gPSBO
801 1 _aRU
_bNLR
_c20000207
852 _aNLR
_j99-3/18143
942 _cBOOK
980 _aNB